Statistics for the last great american dynasty - Taylor Swift (All Lyrics)

Click here to take the quiz!

General Stats

  • This quiz has been taken 25 times
  • The average score is 318 of 330

Answer Stats

Lyrics% Correct
A
100%
a
100%
American
100%
and
100%
And
100%
bought
100%
boys
100%
do
100%
dyed
100%
dynasty
100%
ever
100%
everything"
100%
everything
100%
Fifty
100%
goes
100%
great
100%
green
100%
had
100%
has
100%
Her
100%
her
100%
his
100%
Holiday
100%
"Holiday
100%
house
100%
House"
100%
House
100%
I
100%
if
100%
in
100%
is
100%
It
100%
it?"
100%
it
100%
key
100%
knows,
100%
last
100%
lime
100%
long
100%
loud
100%
loudest
100%
marvelous
100%
men
100%
midnight
100%
name
100%
neighbor
100%
occasion
100%
of
100%
on
100%
out
100%
ruining
100%
said
100%
said,
100%
sea
100%
seen
100%
She
100%
she
100%
that
100%
the
100%
The
100%
"There
100%
There
100%
they
100%
They
100%
this
100%
time
100%
to
100%
town
100%
up,
100%
up
100%
was
100%
Who
100%
with
100%
woman
100%
women
100%
years
100%
afternoon
94%
at
94%
bad
94%
beach
94%
been
94%
bets
94%
big
94%
by
94%
called
94%
champagne
94%
charming,
94%
class
94%
could've
94%
divorcée
94%
doctor
94%
dog
94%
down
94%
far
94%
fault
94%
feud
94%
Filled
94%
gave
94%
habits
94%
heart
94%
him
94%
home
94%
"How
94%
little
94%
me
94%
middle
94%
mind
94%
money
94%
most
94%
names
94%
never
94%
new
94%
off
94%
only
94%
picked
94%
pool
94%
Rebekah
94%
Rhode
94%
rode
94%
sat
94%
set
94%
settle
94%
shameless
94%
showed
94%
so
94%
Standard
94%
staring
94%
St. Louis
94%
sunny
94%
swam
94%
then
94%
There's
94%
told
94%
train,
94%
wedding
94%
what
94%
ballet
88%
blew
88%
card
88%
city
88%
did
88%
forever
88%
Free
88%
friends
88%
from
88%
game
88%
have
88%
heir
88%
Island
88%
madness,
88%
must
88%
Oil
88%
parties
88%
rocks,
88%
say
88%
tasteful,
88%
took
88%
all
81%
Bill
81%
Flew
81%
losing
81%
stole
81%
Their
81%
their
81%
were
81%
coast
75%
Dalí
75%
gauche
75%
maddest
75%
Pacing
75%
Pack
75%
saltbox
75%
Bitch
69%
through
69%
quiety
13%

Score Distribution

Percentile by Number Answered

Percent of People with Each Score

Your Score History

You have not taken this quiz